Normal view MARC view
  • Andrade Martínez, Marcela

Entry Nombre Personal

Number of records used in: 1

001 - NUMERO DE CONTROL

  • campo de control: 42396

003 - IDENTIFICADOR DE NUMERO DE CONTROL

  • campo de control: UPN

005 - FECHA Y HORA DE LA ÜLTIMA TRANSACCIÓN

  • campo de control: 20210219194619.0

008 - DATOS DE LONGITUD FIJA

  • campo de control de longitud fija: nabaccnnaabn|||||||||| b |nc|||||d

035 ## - NUMERO DE CONTROL

  • Número de control: UPN11000014503

040 ## - FUENTE DE CATALOGACIÓN

  • Lenguaje de catalogación: SPA
  • Agencia de transcripción: UPN

100 1# - ENCABEZAMIENTO - NOMBRE PERSONAL

  • Nombre personal: Andrade Martínez, Marcela

670 ## - FUENTE EN LA QUE SE LOCALIZARON DATOS

  • Cita de la fuente: T
  • Información localizada: https://books.google.com.mx/books?id=ZvxcDwAAQBAJ&pg=PA6&lpg=PA6&dq=Andrade+Mart%C3%ADnez,+Marcela&source=bl&ots=LZQ3jrQQC-&sig=ACfU3U1OetUte633uGJcfvT3btqHxzPJ1A&hl=es-419&sa=X&ved=2ahUKEwjMkdW2uoLhAhUIPK0KHVWmD7sQ6AEwDHoECAQQAQ#v=onepage&q=Andrade%20Mart%C3%ADnez%2C%20Marcela&f=false

680 ## - NOTA PUBLICA DE ACCESO PÚBLICO

  • Frase explicativa de la referencia: Contadora pública, titular de la Unidad de Coordinación con Entidades Federativas de la Secretaría de Hacienda y Crédito Público

902 ## - CATALOGADOR

  • Catalogador: BDV/14032019